Statistics for NFL QB BY PICTURE QUIZ

Click here to take the quiz!

General Stats

  • This quiz has been taken 115 times
  • The average score is 45 of 88

Answer Stats

Answer% Correct
Geno Smith
98%
Cam Newton
87%
Russell Wilson
87%
Aaron Rodgers
77%
Jalen Hurts
76%
Joe Burrow
75%
Justin Herbert
75%
Jared Goff
74%
Joe Flacco
74%
Lamar Jackson
74%
Michael Vick
74%
Tom Brady
74%
Jordan Love
73%
Peyton Manning
72%
Brock Purdy
71%
Justin Fields
71%
Matthew Stafford
71%
Matt Ryan
71%
Daniel Jones
70%
Nick Foles
70%
Bryce Young
69%
Colin Kaepernick
67%
Josh Allen
67%
Baker Mayfield
66%
Patrick Mahomes
66%
Terry Bradshaw
66%
Anthony Richardson
65%
Kenny Pickett
65%
Tony Romo
65%
Jameis Winston
62%
Andrew Luck
61%
Kurt Warner
61%
Robert Griffin III
61%
Tim Tebow
61%
Jimmy Garoppolo
60%
Kirk Cousins
60%
Sam Darnold
60%
Brett Favre
59%
Dan Marino
59%
John Elway
59%
Marcus Mariota
57%
Joe Montana
56%
Carson Wentz
55%
Ryan Tannehill
55%
Andy Dalton
54%
Drew Bledsoe
54%
Drew Lock
54%
Steve Young
54%
Philip Rivers
53%
Gardner Minshew
52%
Joe Namath
51%
Carson Palmer
49%
Desmond Ridder
49%
Alex Smith
48%
Blake Bortles
48%
Donovan McNabb
46%
Jim Kelly
46%
Malik Willis
44%
Warren Moon
44%
Jacoby Brissett
42%
Johnny Manziel
42%
Mark Sanchez
42%
Case Keenum
41%
Randall Cunningham
41%
Sam Bradford
41%
Troy Aikman
41%
Jay Cutler
40%
Matt Hasselbeck
40%
Ryan Fitzpatrick
37%
Tyrod Taylor
35%
Vince Young
33%
Drew Brees
29%
Phil Simms
29%
Daunte Culpepper
28%
David Carr
26%
Joe Theismann
26%
Matt Schaub
24%
Rich Gannon
22%
Mark Brunell
19%
Jake Delhomme
16%
David Garrard
12%
Steve McNair
12%
Chad Pennington
11%
Rex Grossman
10%
Marc Bulger
9%
Brian Hoyer
8%
Trent Green
5%
Boomer Esiason
4%

Score Distribution

Percentile by Number Answered

Percent of People with Each Score

Your Score History

You have not taken this quiz